000 00497nam a2200193Ia 4500
003 OSt
005 20230610113248.0
008 210423s1996 xx 000 0 und d
040 _cAL
082 _a340 VPFA
_223
245 _aFactries act 1946 with the karnataka factries rules 1969
260 _c1996
300 _bPB
365 _b65
_cINR
650 _aLaw
_9123145
650 _aSocial Sciences
_9123146
906 _a1946 ; 1969 ; act ; Factries ; karnataka ; rules
942 _2ddc
_cBK
999 _c174174
_d174174